Library Banner

The news media at war : (Record no. 106979)

MARC details
000 -LEADER
fixed length control field 00461nam a22001577a 4500
005 - DATE AND TIME OF LATEST TRANSACTION
control field 20180818111921.0
008 - FIXED-LENGTH DATA ELEMENTS--GENERAL INFORMATION
fixed length control field 180818b ||||| |||| 00| 0 eng d
020 ## - INTERNATIONAL STANDARD BOOK NUMBER
International Standard Book Number 9781780761046
040 ## - CATALOGING SOURCE
Transcribing agency PK-LaUMT
082 ## - DEWEY DECIMAL CLASSIFICATION NUMBER
Classification number 956.70443
Item number CHE-N
100 ## - MAIN ENTRY--PERSONAL NAME
Personal name Cherkaoui, Tarek
245 ## - TITLE STATEMENT
Title The news media at war :
Remainder of title the clash of western and networks in the Middle East /
Statement of responsibility, etc Tarek Cherkaoui
260 ## - PUBLICATION, DISTRIBUTION, ETC. (IMPRINT)
Place of publication, distribution, etc London :
Name of publisher, distributor, etc I. B. Tauris,
Date of publication, distribution, etc 2017
300 ## - PHYSICAL DESCRIPTION
Extent 308 p.
942 ## - ADDED ENTRY ELEMENTS (KOHA)
Koha item type Books
Holdings
Withdrawn status Lost status Damaged status Home library Current library Date acquired Full call number Barcode Date last seen Price effective from Koha item type
      UMT Main Campus UMT Main Campus 2018-08-18 956.70443 CHE-N 122145 2018-10-20 2018-08-18 Books